Clothing and footware : Malaysia - October 2009.
| Format: | Book |
|---|---|
| Published: |
London:
Euromonitor International,
2009.
|
| Series: | Country market insight : October 2009
|
| Subjects: |
| LEADER | 00515cam a2200157 7i4500 | ||
|---|---|---|---|
| 001 | 0000026707 | ||
| 005 | 20111025090000.0 | ||
| 090 | 0 | 0 | |a P 391 |b CLO |
| 245 | 0 | 0 | |a Clothing and footware : |b Malaysia - October 2009. |
| 260 | 0 | 0 | |a London: |b Euromonitor International, |c 2009. |
| 300 | # | # | |a [v.p]. |
| 440 | 0 | 0 | |a Country market insight : October 2009 |
| 650 | 0 | 0 | |a Clothing -- |x Markets -- |z Malaysia |
| 650 | 0 | 0 | |a Footware -- |x Markets -- |z Malaysia |
| 651 | 0 | 0 | |a Malaysia |
| 999 | |a B000026001 |b Book |c Products |e Business Information Centre | ||